000 00489nam a2200145 4500
001 118931
003 ES-MaACL
005 20230906191215.0
007 t|
008 070214s1907 sp r ||||1| spa d
100 1 _aPeydro, Salvador.
_991588
245 1 0 _aProyecto de conducción de seis mil litros de agua por segundo con destino a Madrid y pueblos inmediatos /
_cSalvador Peydro.
260 _aValladolid :
_b[s.n.],
_c1907 (
_fImp. de M. Fraile Rivera)
852 _aES-MaACL
_jT-1150-F-1
999 _c118931
_d118931